000 00640cam a2200205 a 4500
001 000007917
005 20200929154341.0
008 860407s1983 cu 000 0 spa
040 _aDO-SdBNP
_cDLC
_dDLC
082 _aCu863.44
_bV665L
100 1 _aViera, Félix Luis,
_d1945-
_921699
245 1 4 _aLas llamas en el cielo /
_cFélix Luis Viera.
260 _aLa Habana :
_bUnión de Escritores y Artistas de Cuba,
_c1983.
300 _a141 p. ;
_c18 cm.
490 1 _aManjuari. Cuento
650 4 _aCuento cubano
_921700
650 4 _aLiteratura cubana
_91483
830 0 _aManjuari. Cuento
_921701
910 _aCatalogación por copia / LC
999 _c7695
_d7695